Súhrnné hospodárske výsledky a obstarané investície v SR za 1.-4. štvrťrok 2000

Salvato in:
Dettagli Bibliografici
Natura: Libro
Lingua:slovacco
inglese
Pubblicazione: Bratislava Štatistický úrad Slovenskej republiky 2001
Serie:Financie a investície
Soggetti:
Tags: Aggiungi Tag
Nessun Tag, puoi essere il primo ad aggiungerne!!

MARC

LEADER 00000nam a2200000 4500
001 c124367
005 20260122121845.1
041 0 |a slo 
041 0 |a eng 
044 |a SK 
245 1 0 |a Súhrnné hospodárske výsledky a obstarané investície v SR za 1.-4. štvrťrok 2000 
264 1 |a Bratislava  |b Štatistický úrad Slovenskej republiky  |c 2001 
300 |a 17 s. 
490 1 |a Financie a investície 
830 0 |a Financie a investície 
610 2 0 |a Slovensko 
610 2 0 |a výsledok hospodársky 
610 2 0 |a investície 
610 2 0 |a organizácie finančné 
610 2 0 |a organizácie nefinančné